| 000 | 00505cam a2200169 4500 | ||
|---|---|---|---|
| 001 | 2020 | ||
| 005 | 20181127164418.0 | ||
| 008 | 050126r20051847nyub b 001 0 eng | ||
| 010 | _a 2005040269 | ||
| 020 | _a0486440079 (pbk.) | ||
| 043 | _as-pe--- | ||
| 100 | 1 |
_aPrescott, William Hickling, _d1796-1859. |
|
| 245 | 1 | 0 |
_aHistory of the conquest of Peru / _cWilliam H. Prescott. |
| 260 |
_aNew York : _bDolphin Books, _c[n.d.]. |
||
| 300 |
_a559 p. ; _b _c18 cm. |
||
| 651 | 0 |
_aPeru _xHistory _yConquest, 1522-1548. |
|
| 999 |
_c1570 _d1570 |
||